|
|
|
|
| LEADER |
01148cam a2200313 7i4500 |
| 001 |
0000156820 |
| 005 |
20260125090000.0 |
| 008 |
260108t20252025my a ### #00001eng## |
| 020 |
# |
# |
|a 9786297625959
|
| 040 |
# |
# |
|a UMT
|b eng
|c UMT
|d PNM
|e rda
|
| 090 |
0 |
# |
|a S 494.5 .I5
|b C87 2025
|
| 245 |
0 |
0 |
|a Current agriculture and farming technology in Malaysia
|c editors Ng Lee Chuen, Shamsul Bahri Abd Razak.
|
| 264 |
# |
1 |
|a Kuala Nerus, Terengganu:
|b Penerbit UMT,
|c 2025
|
| 264 |
# |
4 |
|c ♭2025
|
| 300 |
# |
# |
|a ix, 152 pages:
|b illustrations;
|c 23 cm
|
| 336 |
# |
# |
|a text --
|2 rdacontent
|
| 337 |
# |
# |
|a unmediated --
|2 rdamedia
|
| 338 |
# |
# |
|a volume --
|2 rdacarrier
|
| 590 |
# |
# |
|a Perpustakaan Sultanah Nur Zahirah
|
| 650 |
# |
0 |
|a Agricultural innovations
|
| 650 |
# |
0 |
|a Agriculture
|
| 650 |
# |
0 |
|a Farms
|
| 650 |
# |
0 |
|a Agricultural innovations
|
| 700 |
1 |
# |
|a Ng, Lee Chuen(
|d 1980-)
|
| 700 |
0 |
# |
|a Shamsul Bahri Abd Razak(
|d 1968-)
|
| 999 |
|
|
|a 1100118131
|b Book
|c Open Shelf
|e KOLEKSI TERBUKA
|
| 999 |
|
|
|a 1100118132
|b Book
|c Open Shelf
|e KOLEKSI TERBUKA
|
| 999 |
|
|
|a 1100118133
|b Book
|c KOLEKSI ARKIB
|e BILIK ARKIB
|
| 999 |
|
|
|a 1100118134
|b Book
|c KOLEKSI ARKIB
|e BILIK ARKIB
|